|
|
|
|
| LEADER |
00000cam a2200000 a 4500 |
| 001 |
vtls001302249 |
| 003 |
SK-MaSNL |
| 005 |
20260301195911.0 |
| 008 |
240313s1997 xo a r 000 0 ger |
| 015 |
|
|
|a SNBA1998/0100252
|
| 020 |
|
|
|a 8071581542
|
| 035 |
|
|
|a SNK000254295
|
| 035 |
|
|
|a urn:nbn:sk:snk-amtj96
|
| 035 |
|
|
|a urn:nbn:sk:snk-am00c6k8
|
| 035 |
|
|
|a EA1C02D4-89FF-45AF-81B2-6FF7258894A5
|
| 040 |
|
|
|a SNK
|b slo
|c SNK
|e AACR2
|
| 041 |
0 |
|
|a ger
|
| 044 |
|
|
|a xo
|c SK
|
| 080 |
|
|
|a 372.880.30(075.2)(076.5)
|2 1981
|
| 100 |
1 |
|
|a Vieth, Thomas
|4 aut
|9 47602
|
| 245 |
1 |
|
|a Wer? Wie? Was? Schülerarbeitsheft
|n 2/2
|c [Thomas Vieth]
|
| 250 |
|
|
|a 5. vyd.
|
| 260 |
|
|
|a Bratislava
|b Orbis Pictus Istropolitana
|c 1997
|
| 300 |
|
|
|a 85 s.
|b ilustr.
|c 30 cm
|
| 650 |
0 |
7 |
|a nemčina
|2 SNKPH
|9 1384
|
| 655 |
|
7 |
|a učebnice základných škôl
|2 SNKPH
|9 70187
|
| 655 |
|
7 |
|a pracovná zošity
|2 SNKPH
|9 578388
|
| 919 |
|
|
|a 80-7158-154-2
|
| 958 |
|
|
|a TL
|
| 958 |
|
|
|a UX
|
| 999 |
|
|
|c 888031
|d 889961
|
| 952 |
|
|
|t P60, <09>, [BOOK], {629}
|a SNK
|b SNK
|y NEVYP
|7 0
|o snkB 1131
|i snk4263/970918
|0 0
|1 0
|4 0
|d 1997-09-17
|l 0
|r 2005-01-02 00:00:00
|w 2026-02-24
|
| 952 |
|
|
|t P60, <03>, [BOOK], {603}
|a SNK
|b SNK
|y PREZ
|7 0
|p 17A0092842
|o snkSB 57585/2/2
|i snkKSP 9611/97
|0 0
|1 0
|4 0
|d 1997-09-17
|f 1
|l 0
|r 2025-04-09 00:00:00
|w 2026-02-24
|
| 952 |
|
|
|t P60, <04>, [BOOK], {604}
|a SNK
|b SNK
|y VYP
|7 0
|p 17A0103996
|o snkSB 57585/2/2 D1
|i snkKSP 10799/97
|0 0
|1 0
|4 0
|d 1997-10-21
|l 0
|r 2005-01-02 00:00:00
|w 2026-02-24
|